| 000 | 00737nas a2200241 i 4500 | ||
|---|---|---|---|
| 001 | 556 | ||
| 003 | ES-MaACL | ||
| 005 | 20250814013806.0 | ||
| 007 | t| | ||
| 008 | 950801d19471950xxk | | 1 ||ng d | ||
| 022 | _a0366-3442 | ||
| 245 | 0 | 0 | _aBritish science news. |
| 260 |
_aLondon : _bThe British Council, Science Departament, _c1947-1950 ( _fWalerlow and Sons) |
||
| 300 |
_a1 v. ; _c28 cm. |
||
| 310 | _aMensual | ||
| 321 |
_aTrimestral, _b1947 |
||
| 362 | 0 | _aVol. 1, n. 1 (1947)-vol. 3, n. 28 (feb. 1950) | |
| 650 | 0 | 7 |
_aCiencias _2embne _910971 |
| 710 | 2 |
_aBritish Council. _bScience Departament ( _cLondres) _9134199 |
|
| 852 |
_aES-MaACL _jHem-661 |
||
| 866 | 0 | _o1947(1948f.n.13)1949(1950) | |
| 999 |
_c556 _d556 |
||